000 01381nam a2200301 a 4500
001 BRCA_3238
005 20190320204159.0
008 060309s1809----enk#---###---#000-0#eng-#
041 _aeng
044 _aenk
084 _a539
_b.W35
_c1809
100 1 _aCervantes Saavedra, Miguel de
_d1547-1616
_9213
245 1 0 _aThe History and Adventures of the Renowned Don Quixote
_cTranslated from the Spanish of Miguel de Cervantes Saavedra by T. Smollett to which is Prefixed some Account of the Author´s Life.
260 _aLondres
_bJ. Walker y Co.
_c1809
300 _a2 v.
_c13 cm.
500 _aContenido : v.1. Primera parte. Vida de Cervantes. Nota del traductor. Prólogo de Cervantes. -- v.2. Segunda parte. Texto
500 _aReproducción de la traducción de Smollett, similar a la segunda edición de la misma, publicada en 1761, por Osborne. Semipiel; lomeras adornadas con dorados Lúdovik Osterc
500 _aQM1536
546 _aTexto en : inglés
650 1 4 _aNovela española
_yÉpoca clásica, 1500-1700
_9215
650 1 4 _aLiteratura española
_yÉpoca clásica, 1500-1700
_9216
650 1 4 _aNovela española
_ySiglo XVII
_9217
650 1 4 _aDon Quijote (Personaje ficticio)
_eNovela
_9218
700 1 _aSmollett, Tobias George
_d1721-1771
_eTraductor
_98634
740 0 _aEl Ingenioso Hidalgo Don Quijote de la Mancha
902 _aQFM
942 _2lcc
_cB
999 _c2974
_d2974